Time and space in Haggai-Zechariah 1-8 : (Record no. 1886)

MARC details
000 -LEADER
fixed length control field 01638cam a22003614a 4500
001 - CONTROL NUMBER
control field 11807651
003 - CONTROL NUMBER IDENTIFIER
control field AUA.1
005 - DATE AND TIME OF LATEST TRANSACTION
control field 20111017103809.0
008 - FIXED-LENGTH DATA ELEMENTS--GENERAL INFORMATION
fixed length control field 991012s2002 nyu b 001 0 eng
010 ## - LIBRARY OF CONGRESS CONTROL NUMBER
LC control number 99053037
020 ## - INTERNATIONAL STANDARD BOOK NUMBER
International Standard Book Number 0820445967 (alk. paper)
040 ## - CATALOGING SOURCE
Original cataloging agency DLC
Transcribing agency DLC
Modifying agency DLC
042 ## - AUTHENTICATION CODE
Authentication code pcc
043 ## - GEOGRAPHIC AREA CODE
Geographic area code a-iq---
050 00 - LIBRARY OF CONGRESS CALL NUMBER
Classification number BS1655.2
Item number .S95 2002
082 00 - DEWEY DECIMAL CLASSIFICATION NUMBER
Classification number 224/.9706
Edition number 21
100 1# - MAIN ENTRY--PERSONAL NAME
Personal name Sykes, Seth,
Dates associated with a name 1966-
9 (RLIN) 6830
245 10 - TITLE STATEMENT
Title Time and space in Haggai-Zechariah 1-8 :
Remainder of title a Bakhtinian analysis of a prophetic chronicle /
Statement of responsibility, etc Seth Sykes.
260 ## - PUBLICATION, DISTRIBUTION, ETC. (IMPRINT)
Place of publication, distribution, etc New York :
Name of publisher, distributor, etc P. Lang,
Date of publication, distribution, etc c2002.
300 ## - PHYSICAL DESCRIPTION
Extent xiv, 172 p. ;
Dimensions 24 cm.
440 #0 - SERIES STATEMENT/ADDED ENTRY--TITLE
Title Studies in biblical literature ;
Volume number/sequential designation v. 24
9 (RLIN) 6831
504 ## - BIBLIOGRAPHY, ETC. NOTE
Bibliography, etc Includes bibliographical references (p. [151]-165) and index.
600 10 - SUBJECT ADDED ENTRY--PERSONAL NAME
Personal name Bakhtin, M. M.
Fuller form of name (Mikhail Mikhaĭlovich),
Dates associated with a name 1895-1975.
9 (RLIN) 6832
630 00 - SUBJECT ADDED ENTRY--UNIFORM TITLE
Uniform title Bible.
Name of part/section of a work O.T.
-- Haggai
General subdivision Criticism, interpretation, etc.
9 (RLIN) 6833
630 00 - SUBJECT ADDED ENTRY--UNIFORM TITLE
Uniform title Bible.
Name of part/section of a work O.T.
-- Zechariah I-VIII
General subdivision Criticism, interpretation, etc.
9 (RLIN) 6834
630 00 - SUBJECT ADDED ENTRY--UNIFORM TITLE
Uniform title Bible.
Name of part/section of a work O.T.
-- Haggai
Form subdivision Comparative studies.
9 (RLIN) 6835
630 00 - SUBJECT ADDED ENTRY--UNIFORM TITLE
Uniform title Bible.
Name of part/section of a work O.T.
-- Zechariah I-VIII
Form subdivision Comparative studies.
9 (RLIN) 6836
651 #0 - SUBJECT ADDED ENTRY--GEOGRAPHIC NAME
Geographic name Babylonia
General subdivision Historiography.
9 (RLIN) 6837
906 ## - LOCAL DATA ELEMENT F, LDF (RLIN)
a 7
b cbc
c orignew
d 1
e ocip
f 19
g y-gencatlg
942 ## - ADDED ENTRY ELEMENTS (KOHA)
Source of classification or shelving scheme Library of Congress Classification
Koha item type Books
Holdings
Withdrawn status Lost status Source of classification or shelving scheme Damaged status Not for loan Collection code Home library Current library Shelving location Date acquired Source of acquisition Cost, normal purchase price Serial Enumeration / chronology Total Checkouts Full call number Barcode Date last seen Cost, replacement price Price effective from Koha item type
    Library of Congress Classification     Books Judith Thomas Library Judith Thomas Library General Stacks 17/10/2011 Donation, Biblical Research Institute 25.00 AUA001985   BS1655.2 .S95 2002 AUA001985 17/10/2011 25.00 17/10/2011 Books